BTS Map of the Soul: 7 - Word Scramble - Statistics

General Stats
  • This quiz has been taken 219 times
  • The average score is 12 of 19
Answer Stats
Hint Answer % Correct
no On
97%
oeg Ego
95%
guh Ugh
95%
omon Moon
89%
ioudsysn Dionysus
67%
flriet Filter
66%
mteymi My Time
66%
rutwerlehealleaftntoebrpoe We Are Bulletproof: The Eternal
65%
laabwkncs Black Swan
64%
ridfsen Friends
64%
amvjsiua Jamais Vu
62%
eoczockrlo Zero O'Clock
62%
owubltvyhi Boy with Luv
55%
escrtpe Respect
54%
ueolbhsdnortabm Louder Than Bombs
51%
neliicdnhr Inner Child
50%
aegmittkhir Make it Right
48%
nroiseatropn Intro: Persona
45%
traihdwesnlueod Interlude: Shadow
42%
No matching quizzes found
Score Distribution
Percent of People with Each Score
Percentile by Number Answered
Your Score History
You have not taken this quiz